<?xml version="1.0" encoding="UTF-8"?>
<collection xmlns="http://www.loc.gov/MARC21/slim">
 <record>
  <leader>01059pam a22002178a 4500</leader>
  <controlfield tag="001">00027307</controlfield>
  <controlfield tag="008">111020s2011                  ||||||viesd</controlfield>
  <controlfield tag="005">20171026081025.0</controlfield>
  <datafield tag="020" ind1=" " ind2=" ">
   <subfield code="c">325000</subfield>
  </datafield>
  <datafield tag="041" ind1="0" ind2="#">
   <subfield code="a">vie</subfield>
  </datafield>
  <datafield tag="082" ind1="1" ind2="4">
   <subfield code="a">343.597</subfield>
   <subfield code="b">T527T</subfield>
  </datafield>
  <datafield tag="245" ind1="0" ind2="0">
   <subfield code="c">Quí Long, Kim Thư sưu tầm và hệ thống hóa</subfield>
   <subfield code="a">Tuyển tập hệ thống các chỉ đạo thực hiện luật ngân sách nhà nước và luật các tổ chức tín dụng hướng dẫn giải pháp điều hành chính sách tiền tệ và hoạt động ngân hàng</subfield>
  </datafield>
  <datafield tag="260" ind1="#" ind2="#">
   <subfield code="a">Hà Nội</subfield>
   <subfield code="b">Tài Chính</subfield>
   <subfield code="c">2011</subfield>
  </datafield>
  <datafield tag="300" ind1="#" ind2="#">
   <subfield code="a">507tr.</subfield>
   <subfield code="c">28cm.</subfield>
  </datafield>
  <datafield tag="650" ind1="#" ind2="4">
   <subfield code="a">Ngân sách nhà nước</subfield>
   <subfield code="x">Pháp luật</subfield>
   <subfield code="z">Việt Nam</subfield>
  </datafield>
  <datafield tag="700" ind1="1" ind2="#">
   <subfield code="a">Kim, Thư</subfield>
   <subfield code="e">sưu tầm và hệ thống hóa</subfield>
  </datafield>
  <datafield tag="700" ind1="1" ind2="#">
   <subfield code="a">Quí, Long</subfield>
   <subfield code="e">sưu tầm và hệ thống hóa</subfield>
  </datafield>
  <datafield tag="852" ind1="#" ind2="#">
   <subfield code="b">Kho đọc</subfield>
   <subfield code="j">KD.0011844</subfield>
  </datafield>
  <datafield tag="852" ind1="#" ind2="#">
   <subfield code="j">KD.0011844</subfield>
  </datafield>
  <datafield tag="910" ind1=" " ind2=" ">
   <subfield code="d">20/10/2011</subfield>
  </datafield>
  <datafield tag="980" ind1="#" ind2="#">
   <subfield code="a">Trung tâm Học liệu Lê Vũ Hùng, Trường Đại học Đồng Tháp</subfield>
  </datafield>
 </record>
</collection>
